000 00686nam a2200181 i 4500
001 82438
003 ES-MaACL
005 20230906174655.0
007 t|
008 180702s1958 sp ||||1| spa d
245 0 1 _a"El átomo y sus aplicaciones pacíficas".
260 _aMadrid :
_bSindicato Nacional de Agua, Gas y Electricidad,
_c1958.
300 _a454 pág. :
_bil. ;
_c22 cm.
594 _aPrecede al tít.: Ciclo de conferencias celebrado con motivo de la exposición.
650 _aÁtomos.
_910411
710 2 _aSindicato Nacional de Agua, Gas y Electricidad (España)
_9165143
852 _aES-MaACL
_jL-32149
_z.-Donat. herederos de la bibl. de Mª del Pilar Costa Palacín
999 _c82438
_d82438